000 00658nam a2200181Ia 4500
003 GCL
008 140319s9999 xx 000 0 ara d
040 _aGCL /
_cGCL
082 0 4 _a320.94
_bع ت
100 1 _aعبدالحميد البطريق
245 1 0 _aالتيارات السياسية المعاصرة 1851 - 1970 /
_cعبدالحميد البطريق
260 _aالقاهرة :
_bدار الفكر العربى ،
_c1999
300 _a544 ص ؛
_c24 سم
650 0 4 _aاوربا - الاحوال السياسية
650 0 4 _aاوربا - تاريخ - القرن العشرين
650 0 4 _aالتاريخ - اوروبا
942 _2ddc
_cBK
999 _c8230
_d8230